000 00347nam a2200145Ia 4500
008 151213s9999 xx 000 0 und d
100 _aW.R.Dillon
245 _aMarketing Research
_cW.R.Dillon
260 _aBoston
_bIrwin
_c1993
300 _a2758 p.
650 _aMarketing
650 _aMarketing
700 _aW.R.Dillon
999 _c1868
_d1868